Statystyki dla Który aktor grał w tych filmach? #4

Kliknij tutaj aby rozwiązać quiz!

Ogólne statystyki

  • Ten quiz został rozwiązany 527 razy
  • Średni wynik to 6 z 16

Statystyki odpowiedzi

TytułyAktor% Poprawnych
Władca Pierścieni | Piraci z Karaibów | TrojaOrlando Bloom
75%
Sherlock Holmes | Iron Man | AvengersRobert Downey Jr.
74%
Szybcy i wściekli | xXx | Kroniki RiddickaVin Diesel
71%
I kto to mówi | Grease | Gorączka sobotniej nocyJohn Travolta
63%
Dirty Dancing | Uwierz w ducha | WykidajłoPatrick Swayze
63%
Kevin sam w Nowym Jorku | Richie Milioner | Moja DziewczynaMacaulay Culkin
55%
Pretty Woman | Chicago | Mój przyjaciel HachikoRichard Gere
43%
Efekt Motyla | Jobs | Stary, gdzie moja bryka?Ashton Kutcher
32%
Bliźniacy | Dorwać Małego | Powrót BatmanaDanny DeVito
28%
Nie gra w filmach. Filmy grają dla niego.Chuck Norris
27%
Dyktator | Brzdąc | Gorączka złotaCharlie Chaplin
26%
Mucha | Park Jurajski | Dzień NiepodległościJeff Goldblum
22%
Coś | Tango i Cash | Death ProofKurt Russell
21%
Blues Brothers | Nieoczekiwana zmiana miejsc | Pogromcy DuchówDan Aykroyd
12%
Francuski łącznik | Bez przebaczenia | Szybcy i martwiGene Hackman
9%
Kochanie, zmniejszyłem dzieciaki | Giganciki | Kosmiczne jajaRick Moranis
4%

Rozkład punktacji

Percentyl według liczby udzielonych odpowiedzi

Procent ludzi z każdym wynikiem

Twoja historia wyników

Nie rozwiązałeś tego quizu